Jeu de la scolarité #1 - Statistiques

Statistiques générales
  • Ce quiz a été pris 9 022 fois
  • Le résultat moyen est 6 sur 12
Statistiques - réponses
Classe Matière Question Réponse % Correct
CP Maths Samuel a un sachet de 10 billes, il en gagne 5 à la récréation, combien en a t-il désormais ? 15
100%
CE1 Français "Arthur et Esteban (faire présent/indicatif) du Judo". Conjuguez le verbe font
97%
CE2 Histoire En quel siècles sommes-nous si nous sommes en 1429 ? 15ème
93%
CM1 Géographie Comment appelle-t-on l'une des deux moitiés de la terre ? Hémisphère
77%
CM2 Maths Combien de secondes se sont écoulés si j'ai écouté une chanson de 6 minutes et 25 secondes ? 385
71%
6ème Science Quel est le nom du pigment qui donne la couleur vertes aux plantes ? Chlorophylle
49%
5ème Musique Le piano fait partie de quel famille d'instruments de musique ? Cordes
44%
4ème Maths Lorsqu'un angle est supérieur à 90°, on dit qu'il est ... Obtu
40%
3ème Histoire En quelle année est décédé Lénine ? 1924
29%
2nde Economie Que représente le S dans l'acronyme INSEE ? Statistique
19%
1ère Français Qui a écrit Germinal ? Emile Zola
18%
Terminale Philosophie A quel philosophe est attribué la citation : "L'homme est un loup pour l'homme" ? Thomas Hobbes
6%
Aucun quiz correspondant
Distribution des résultats
% des personnes avec chaque résultat
Percentile par nombre de réponses
Votre historique - résultats
Vous n’avez pas pris ce quiz